00669nam a2200145Ia 4500008004100000100002200041245011800063245010000181260003200281260001400313650001200327856009200339999001900431952007300450160809s9999 xx 000 0 und d aBurgess, Annette. aSteps towards Updating the Curriculum and Teaching Methods in Obstetrics, Gynaecology and Neonatology in Mongolia cAnnette Burgess, Heather Jeffery, Shinetugs Bayanbileg, Erdenekhuu Nansalmaa and Kirsten Black. bJournal of Nursing and Care cJuly 2016 xNURSING uhttp://www.omicsgroup.org/journals/ArchiveJNC/currentissue-nursing-care-open-access.php c300186d300186 001040aCLbCLd2016-08-09l0r2016-08-09 00:00:00w2016-08-09yFOJ